000 00331nam a22001217a 4500
008 190313b xxu||||| |||| 00| 0 eng d
041 _aeng
080 _a043.3
100 _a0
101 _aMBE-BA
245 _aNdikimi i Politikave Fiskale ne Ndermarrjet e vogla dhe te mesme ne Republiken e Kosoves
_cHyseni, L
942 _2udc
_cBK
999 _c54758
_d54758